Gracias por el fuego

Uloženo v:
Podrobná bibliografie
Hlavní autor: Benedetti, Mario (Autor)
Médium: Kniha
Jazyk:španělština
Vydáno: Montevideo Alfa 1965
Témata:
Tagy: Přidat tag
Žádné tagy, Buďte první, kdo vytvoří štítek k tomuto záznamu!

MARC

LEADER 00000nam a2200000 a 4500
001 UCX1592
003 CL-VaPUC
008 901003e19650000UY |||||||||||||||||spa|d
082 0 4 |a Ur863  |b BEN  |2 21 
100 0 |a Benedetti, Mario  |e author  |9 317139 
245 1 0 |a Gracias por el fuego 
300 |a 301 p 
942 |c BK 
945 |d 19901003 00:00:00 
260 |a Montevideo  |b Alfa  |c 1965 
650 0 |a Novelas uruguayas  |9 317140 
583 |a last modification  |c 19901003 00:00:00  |k Rodrigo Vera 
999 |c 222785  |d 222783 
952 |0 0  |1 0  |4 0  |6 UR_863_000000000000000_BEN_1965  |7 0  |8 A  |9 217974  |a BIBEDU  |b BIBEDU  |d 2019-11-15  |i 2868423  |l 1  |o Ur863 BEN 1965  |p 2868423  |r 2023-03-23  |s 2023-03-16  |w 2019-11-15  |y BK  |k LIT